[Event "Cartagena Plazuela op"]
[Site "Cartagena"]
[Date "2022.07.23"]
[Round "5"]
[White "Mercado Florez, Diego Armando"]
[Black "Merino Yudex, Julian Jesus"]
[Result "0-1"]
[WhiteElo "1320"]
[BlackElo "1234"]
[PlyCount "68"]
[EventDate "2022.07.21"]
[EventType "swiss"]
[EventRounds "6"]
[EventCountry "COL"]
[SourceTitle "CBM 209 Extra"]
[Source "ChessBase"]
[SourceDate "2022.09.30"]
[SourceVersion "1"]
[SourceVersionDate "2022.09.30"]
[SourceQuality "1"]

1. e4 c6 2. d4 d5 3. Nc3 dxe4 4. Nxe4 Bf5 5. Qf3 Bxe4 6. Qxe4 Nf6 7. Qd3 e6 8. Nf3 Nbd7 9. Bf4 Be7 10. Qb3 Rb8 11. Bxb8 Qxb8 12. 0-0-0 0-0 13. Bd3 c5 14. c4 Re8 15. Rhe1 cxd4 16. Nxd4 Nc5 17. Qc3 Nxd3+ 18. Rxd3 Nd5 19. Qa5 Bb4 20. Qb5 Bxe1 21. cxd5 exd5 22. Qxd5 Qf4+ 23. Kb1 Bxf2 24. Rb3 Re1+ 25. Kc2 Qc7+ 26. Rc3 Qb8 27. Rf3 Qc7+ 28. Kd2 Qc1+ 29. Kd3 Rd1+ 30. Ke4 Rxd4+ 31. Qxd4 Bxd4 32. Kxd4 Qxb2+ 33. Rc3 Qd2+ 34. Kc4 g6 0-1